000 01203nam a2200301 a 4500
001 000114131
003 CHAP
005 20220329144428.0
008 171106s2016 mx sm |||||||spa d
010 _a110592
011 _a111564
040 _cCHAP
090 _aTesis
100 1 _aFlores Pineda, Daniel Alejandro
_9134008
245 1 0 _aEvaluación de tres niveles de nucleótidos adicionados en la dieta de tilapia (Oreochromis niloticus) en etapa de finalización en estanques rústicos en el trópico seco
_h[En línea]
_cpor Daniel Alejandro Flores Pineda.
260 _aCocula, Gro. Méx. :
_bEl autor,
_c2016.
500 _aPara ver el contenido del material haga clic en la liga
502 _aTesis (Ingeniero Agrónomo zootecnista) -- Colegio Superior Agropecuario del Estado de Guerrero
590 _aE11695DGD
_b10
_c20171107
_lUCH01
_h1046
590 _aE6337LMJ
_b05
_c20171106
_lUCH01
_h1422
590 _aE6337LMJ
_b05
_c20171106
_lUCH01
_h1423
650 1 4 _aTilapia
_xAlimentación y alimentos.
_9126825
650 1 4 _aTilapia
_xRendimiento.
_9127267
856 _aFinding aid
_uhttp://10.13.5.2/tesis/sist114131.pdf
_zTeclea aquí
901 _aBK
942 _cTESIS
942 _n0
999 _c110592
_d110592